Statistieken voor beste speler van verschillende clubs

Klik hier om de quiz te nemen!

Algemene statistieken

  • Deze quiz is 44 keer genomen
  • De gemiddelde score is 7 van 9

Antwoordstatistieken

HintAntwoord% Correct
psgmessi
97%
al nassrronaldo
97%
liverpoolsalah
88%
real madridbenzema
81%
barcalonade jong
75%
manchester cityde bruyne
72%
arsenalsaka
69%
bayern munchenmuller
66%
juventusdi maria
50%

Scoreverdeling

Percentiel versus Aantal Correcte Antwoorden

Procent van Mensen met Elke Score

Uw Scoregeschiedenis

U heeft deze quiz nog niet genomen